Score 0/25 Timer 05:00
0 Plays Today
% Correct
Fantastic Beasts and Where To Find Them
88.8%
Batman v Superman: Dawn of Justice
75.6%
Sing
74.2%
The Secret Life of Pets
74.2%
Monster Hunt
73%
Rogue One
72.4%
Suicide Squad
72.2%
Finding Dory
67.8%
Jason Bourne
66.3%
Moana
65.7%
Deadpool
62.3%
Independence Day: Resurgence
60.6%
La La Land
59.1%
% Correct
Kung Fu Panda 3
58.3%
Captain America: Civil War
57.2%
Doctor Strange
56.5%
Alice Through the Looking Glass
48.7%
Zootopia
47.5%
The Legend of Tarzan
35.7%
The Angry Birds Movie
35.2%
X-Men: Apocalypse
34.4%
Ice Age: Collision Course
31.9%
Trolls
28.8%
Warcraft
26.1%
The Jungle Book
15.5%
Remove Ads.
Support Sporcle.
Get the best of Sporcle when you Go Orange. This ad-free experience offers more features, more stats, and more fun while also helping to support Sporcle. Thank you for becoming a member.

You're not logged in!

Compare scores with friends on all Sporcle quizzes.
OR
Log In

Show Comments

Extras

Top Quizzes Today


Score Distribution

Your Account Isn't Verified!

In order to create a playlist on Sporcle, you need to verify the email address you used during registration. Go to your Sporcle Settings to finish the process.

Report this User

Report this user for behavior that violates our Community Guidelines.

Details: